<?xml version="1.0" encoding="UTF-8"?>
<record
    xmlns:xsi="http://www.w3.org/2001/XMLSchema-instance"
    xsi:schemaLocation="http://www.loc.gov/MARC21/slim http://www.loc.gov/standards/marcxml/schema/MARC21slim.xsd"
    xmlns="http://www.loc.gov/MARC21/slim">

  <leader>01462cam a2200265 i 4500</leader>
  <controlfield tag="003">SA-RiAUC</controlfield>
  <controlfield tag="005">20250713053554.0</controlfield>
  <controlfield tag="008">250713s1985    ua     g      000 0dara c</controlfield>
  <datafield tag="020" ind1=" " ind2=" ">
    <subfield code="a">9771430106</subfield>
  </datafield>
  <datafield tag="040" ind1=" " ind2=" ">
    <subfield code="a">KW-ShULA</subfield>
    <subfield code="b">ara</subfield>
    <subfield code="c">SA-RiAUC</subfield>
    <subfield code="e">rda</subfield>
  </datafield>
  <datafield tag="082" ind1="0" ind2="4">
    <subfield code="a">210.8</subfield>
  </datafield>
  <datafield tag="090" ind1=" " ind2=" ">
    <subfield code="a">210.8  &#x631; &#x633; &#x627;</subfield>
    <subfield code="b">&#x631; &#x633; &#x627;</subfield>
  </datafield>
  <datafield tag="245" ind1="0" ind2="0">
    <subfield code="a">&#x631;&#x633;&#x627;&#x626;&#x644; &#x627;&#x644;&#x623;&#x639;&#x644;&#x627;&#x645; :</subfield>
    <subfield code="b">&#x645;&#x62C;&#x645;&#x648;&#x639; &#x631;&#x633;&#x627;&#x626;&#x644; &#x644;&#x643;&#x628;&#x627;&#x631; &#x627;&#x644;&#x639;&#x644;&#x645;&#x627;&#x621; &#x648;&#x642;&#x627;&#x62F;&#x629; &#x627;&#x644;&#x641;&#x643;&#x631; &#x648;&#x627;&#x644;&#x632;&#x639;&#x645;&#x627;&#x621; &#x648;&#x627;&#x644;&#x645;&#x624;&#x644;&#x641;&#x64A;&#x646; &#x648;&#x627;&#x644;&#x623;&#x62F;&#x628;&#x627;&#x621; &#x648;&#x627;&#x644;&#x643;&#x62A;&#x627;&#x628; &#x627;&#x644;&#x625;&#x633;&#x644;&#x627;&#x645;&#x64A;&#x64A;&#x646; &#x648;&#x627;&#x644;&#x623;&#x635;&#x62F;&#x642;&#x627;&#x621; &#x648;&#x628;&#x639;&#x636; &#x627;&#x644;&#x645;&#x644;&#x648;&#x643; &#x648;&#x627;&#x644;&#x623;&#x645;&#x631;&#x627;&#x621; &#x648;&#x627;&#x644;&#x648;&#x632;&#x631;&#x627;&#x621; &#x641;&#x64A; &#x627;&#x644;&#x639;&#x627;&#x644;&#x645; &#x627;&#x644;&#x639;&#x631;&#x628;&#x64A; : &#x633;&#x628;&#x639;&#x648;&#x646; &#x631;&#x633;&#x627;&#x644;&#x629; &#x644;&#x62E;&#x645;&#x633;&#x64A;&#x646; &#x643;&#x627;&#x62A;&#x628;&#x627; &#x645;&#x631;&#x645;&#x648;&#x642;&#x627; &#x648;&#x62C;&#x647;&#x62A; &#x625;&#x644;&#x649; &#x641;&#x636;&#x64A;&#x644;&#x629; &#x627;&#x644;&#x634;&#x64A;&#x62E; &#x627;&#x628;&#x646; &#x627;&#x644;&#x62D;&#x633;&#x646; &#x627;&#x644;&#x646;&#x62F;&#x648;&#x64A; &#x641;&#x64A; &#x641;&#x62A;&#x631;&#x629; &#x645;&#x627; &#x628;&#x64A;&#x646; 1367-1404 &#x647;&#x640; /</subfield>
    <subfield code="c">&#x625;&#x62E;&#x631;&#x627;&#x62C; &#x648;&#x62A;&#x642;&#x62F;&#x64A;&#x645; &#x645;&#x62D;&#x645;&#x62F; &#x627;&#x644;&#x631;&#x627;&#x628;&#x639; &#x627;&#x644;&#x62D;&#x633;&#x646; &#x627;&#x644;&#x646;&#x62F;&#x648;&#x64A;.</subfield>
  </datafield>
  <datafield tag="264" ind1=" " ind2="1">
    <subfield code="a">&#x627;&#x644;&#x642;&#x627;&#x647;&#x631;&#x629; :</subfield>
    <subfield code="b">&#x62F;&#x627;&#x631; &#x627;&#x644;&#x635;&#x62D;&#x648;&#x629; &#x644;&#x644;&#x646;&#x634;&#x631; &#x648;&#x627;&#x644;&#x62A;&#x648;&#x632;&#x64A;&#x639;&#x60C;</subfield>
    <subfield code="c">1985</subfield>
  </datafield>
  <datafield tag="300" ind1=" " ind2=" ">
    <subfield code="a">191 &#x635;&#x641;&#x62D;&#x629; &#x61B;</subfield>
    <subfield code="c">19 &#x633;&#x645;</subfield>
  </datafield>
  <datafield tag="336" ind1=" " ind2=" ">
    <subfield code="a">&#x646;&#x635;</subfield>
    <subfield code="b">txt</subfield>
    <subfield code="2">rdacontent</subfield>
    <subfield code="3">&#x643;&#x62A;&#x627;&#x628;</subfield>
  </datafield>
  <datafield tag="337" ind1=" " ind2=" ">
    <subfield code="a">&#x628;&#x62F;&#x648;&#x646; &#x648;&#x633;&#x64A;&#x637;</subfield>
    <subfield code="b">n</subfield>
    <subfield code="2">rdamedia</subfield>
  </datafield>
  <datafield tag="338" ind1=" " ind2=" ">
    <subfield code="a">&#x645;&#x62C;&#x644;&#x62F;</subfield>
    <subfield code="b">nc</subfield>
    <subfield code="2">rdacarrier</subfield>
  </datafield>
  <datafield tag="600" ind1="1" ind2="7">
    <subfield code="a">&#x627;&#x644;&#x646;&#x62F;&#x648;&#x64A;&#x60C; &#x639;&#x644;&#x64A; &#x627;&#x644;&#x62D;&#x633;&#x646;&#x64A;&#x60C;</subfield>
    <subfield code="d">1913-1999</subfield>
    <subfield code="2">aucnm</subfield>
  </datafield>
  <datafield tag="650" ind1=" " ind2="7">
    <subfield code="a">&#x627;&#x644;&#x625;&#x633;&#x644;&#x627;&#x645;</subfield>
    <subfield code="v">&#x645;&#x62A;&#x641;&#x631;&#x642;&#x627;&#x62A;</subfield>
    <subfield code="2">aucsh</subfield>
  </datafield>
  <datafield tag="650" ind1=" " ind2="7">
    <subfield code="a">&#x627;&#x644;&#x631;&#x633;&#x627;&#x626;&#x644; &#x627;&#x644;&#x639;&#x631;&#x628;&#x64A;&#x629;</subfield>
    <subfield code="2">aucsh</subfield>
  </datafield>
  <datafield tag="700" ind1="1" ind2=" ">
    <subfield code="a">&#x627;&#x644;&#x646;&#x62F;&#x648;&#x64A;&#x60C; &#x645;&#x62D;&#x645;&#x62F; &#x627;&#x644;&#x62D;&#x633;&#x646;&#x64A;</subfield>
    <subfield code="b">&#x627;&#x644;&#x631;&#x627;&#x628;&#x639;&#x60C;</subfield>
    <subfield code="d">1929-</subfield>
    <subfield code="e">&#x645;&#x642;&#x62F;&#x645;.</subfield>
  </datafield>
  <datafield tag="942" ind1=" " ind2=" ">
    <subfield code="2">ddc</subfield>
    <subfield code="c">BOOK</subfield>
    <subfield code="n">0</subfield>
  </datafield>
  <datafield tag="949" ind1=" " ind2=" ">
    <subfield code="a">SA-JeALM</subfield>
    <subfield code="d">250713</subfield>
    <subfield code="u">mohamedma123</subfield>
    <subfield code="n">1</subfield>
  </datafield>
  <datafield tag="952" ind1=" " ind2=" ">
    <subfield code="0">0</subfield>
    <subfield code="1">0</subfield>
    <subfield code="2">ddc</subfield>
    <subfield code="4">0</subfield>
    <subfield code="7">0</subfield>
    <subfield code="a">WAHAB</subfield>
    <subfield code="b">WAHAB</subfield>
    <subfield code="d">2025-07-13</subfield>
    <subfield code="l">0</subfield>
    <subfield code="o">210.8  &#x631; &#x633; &#x627;</subfield>
    <subfield code="p">000015953</subfield>
    <subfield code="r">2025-07-13 05:36:51</subfield>
    <subfield code="w">2025-07-13</subfield>
    <subfield code="y">BOOK</subfield>
  </datafield>
  <datafield tag="999" ind1=" " ind2=" ">
    <subfield code="c">9818</subfield>
    <subfield code="d">9818</subfield>
  </datafield>
</record>
